| 000 | 00348nam a2200133Ia 4500 | ||
|---|---|---|---|
| 008 | 240624s9999 xx 000 0 und d | ||
| 041 | _aeng | ||
| 082 | _a954 MCL | ||
| 100 | _aMCLEOD JOHN | ||
| 245 | _aHISTORY OF INDIA THE GREENWOOD HISTORIES | ||
| 260 |
_c2004 _aLondon _bGreenwood Press |
||
| 300 | _axx, : 223 : p. : cm. ; 22 | ||
| 365 |
_cRS _b33 |
||
| 999 |
_c11640 _d11640 |
||